000 00611nam a2200205Ia 4500
003 GCL
008 140319s9999 xx 000 0 ara d
040 _aGCL /
_cGCL
082 0 4 _a811.008031
_bش ا
100 1 _aشلتاغ عبود شراد
245 1 0 _aاثر القران فى الشعر العربى المعاصر /
_cشلتاغ عبود شراد
260 _a[S.N] :
_bدار المعرفة ،
_c1987
300 _a194 ص
490 _a
650 0 4 _aالشعر العربى
650 0 4 _aالادب العربى
650 0 4 _aتاريخ ونقد
650 0 4 _aالقران
942 _2ddc
_cBK
999 _c34356
_d34356